Countries that have ever defeated France in a war - Statistics

General Stats
  • This quiz has been taken 47 times
    19 since last reset
  • The average score is 9 of 12
Answer Stats
Year Country % Correct
1526,1530,1559,1763,1814,1871,1940 Holy Roman Empire/Prussia/Germany
100%
1119,1199,1526,1763,1814 England/United Kingdom
94%
1940 Italy
94%
1814 Russia
94%
1504,1526,1530,1559,1583,1625,1814 Spain
94%
1954 Vietnam
88%
1962 Algeria
81%
1814 Austria
81%
1814 Portugal
81%
1814 Sweden
69%
1867 Mexico
31%
1763 Hanover
0%
No matching quizzes found
Score Distribution
Percent of People with Each Score
Percentile by Number Answered
Your Score History
You have not taken this quiz since the last reset